000 00812nam a22001937a 4500
999 _c370979
_d370979
008 201130b ||||| |||| 00| 0 eng d
040 _bger
_cDE-2950
_erda
_aDE-2950
041 _ager
100 _aMahlke, Lisa:
245 _aMorgens Omelette im Bistro, abends Whiskey an der Bar.
_bImmobilien: Studenten wohnen schon seit einer Weile auf den Ferdinandshöfen in Frankfurt. Das ehemalige Heizhaus in der Mitte des Ensembles steht bislang noch leer./
_cLisa Mahlke
264 _c2021
653 _aFrankfurt (Oder)
653 _aFerdinandshöfe / Bar / Bistro
773 _dFrankfurt (Oder): Märkisches Verlags- und Druckhaus GmbH & Co KG
_g32. Jahrgang (2021) Nr. 243 vom 18.10.2021, S. 11
_tMärkische Oderzeitung
942 _cA